|
|
|
|
| LEADER |
00000nam2a2200000 4500 |
| 001 |
371008 |
| 005 |
20231102012333.0 |
| 035 |
|
|
|a (RuTPU)RU\TPU\retro\28417
|
| 035 |
|
|
|a RU\TPU\retro\28416
|
| 090 |
|
|
|a 371008
|
| 100 |
|
|
|a 20220825d1972 m y0rusy50 ca
|
| 101 |
0 |
|
|a rus
|
| 102 |
|
|
|a RU
|
| 105 |
|
|
|a a z 001zb
|
| 200 |
0 |
|
|a Т. 3
|
| 210 |
|
|
|d 1972
|
| 215 |
|
|
|a 236 с.
|c ил.
|
| 320 |
|
|
|a Указатель имен: с. 229-234
|
| 461 |
|
1 |
|0 (RuTPU)RU\TPU\retro\28415
|t История польской музыкальной культуры
|o [в 3 т.]
|f И. Ф. Бэлза
|v Т. 3
|d 1954-1972
|
| 600 |
|
1 |
|a Шопен
|g Фредерик
|f 1810-1849
|c польский композитор
|c пианист
|b Ф.
|2 stltpush
|3 (RuTPU)RU\TPU\pers\513
|
| 606 |
1 |
|
|a Музыка
|2 stltpush
|3 (RuTPU)RU\TPU\subj\73462
|9 86458
|
| 610 |
1 |
|
|a польская музыка
|
| 610 |
1 |
|
|a история
|
| 610 |
1 |
|
|a 18 век
|
| 610 |
1 |
|
|a Польша
|
| 610 |
1 |
|
|a 19 век
|
| 675 |
|
|
|a 78
|v 4
|
| 801 |
|
1 |
|a RU
|b 63413507
|c 20220825
|
| 801 |
|
2 |
|a RU
|b 63413507
|c 20220825
|g RCR
|
| 942 |
|
|
|c BK
|